000 00678nam a2200205Ia 4500
003 GCL
008 140319s9999 xx 000 0 ara d
040 _aGCL /
_cGCL
082 0 4 _a813.081
_bا م
100 1 _aابراهيم جلال
245 1 0 _aالملك الصالح طلائع تمثيلية تاريخية عن عصر الفاطمين /
_cابراهيم جلال
300 _a50 ص
490 _aالالف كتاب
_v0
650 0 4 _aالادب العربى
650 0 4 _aالقصص التاريخية
650 0 4 _aالمسرح العربى
650 0 4 _aالمسرحيات التاريخية
650 0 4 _aالمسرحيات العربية
942 _2ddc
_cBK
999 _c45658
_d45658